[Event "New Delhi Parsvnath op 14th"]
[Site "New Delhi"]
[Date "2016.01.09"]
[Round "1"]
[White "Pradeep, Arora"]
[Black "Mozharov, Mikhail"]
[Result "0-1"]
[WhiteElo "2054"]
[BlackElo "2559"]
[PlyCount "106"]
[EventDate "2016.01.09"]
[EventType "swiss"]
[EventRounds "10"]
[EventCountry "IND"]
[SourceTitle "CBM 170 Extra"]
[Source "ChessBase"]
[SourceDate "2016.02.25"]
[SourceVersion "1"]
[SourceVersionDate "2016.02.25"]
[SourceQuality "1"]

1. c4 e5 2. Nc3 Nc6 3. g3 Bc5 4. Bg2 a6 5. d3 d6 6. e3 Nf6 7. Nge2 0-0 8. 0-0 Ba7 9. Nd5 Nxd5 10. cxd5 Ne7 11. Bd2 Bd7 12. Bc3 c6 13. dxc6 Bxc6 14. d4 e4 15. f3 exf3 16. Bxf3 Nd5 17. Qd2 Qe7 18. e4 Nf6 19. e5 Bxf3 20. Rxf3 Ne4 21. Qe3 Nxc3 22. Qxc3 dxe5 23. Re3 Qf6 24. Rf3 exd4 25. Qd3 Qg6 26. Rf5 Rae8 27. Nf4 Qd6 28. Ng2 Qe6 29. Re1 Qxa2 30. Rxe8 Rxe8 31. Rf2 Qe6 32. h4 Qe4 33. Nf4 Qxd3 34. Nxd3 Re3 35. Rc2 g6 36. Rd2 Rxg3+ 37. Kf2 Rh3 38. Kg2 Rxh4 39. Rc2 Rh5 40. Rc8+ Kg7 41. Ra8 Bc5 42. Rb8 b6 43. b4 Bf8 44. Rxb6 Rb5 45. Rxa6 Bxb4 46. Kf3 Be7 47. Ra7 Bf6 48. Ke4 h5 49. Rc7 g5 50. Nc5 h4 51. Ne6+ Kh6 52. Nc5 h3 53. Kf3 g4+ 0-1

[Event "IND-chB 51st"]
[Site "Bhopal"]
[Date "2013.10.13"]
[Round "2"]
[White "Krishna, C Revanth Gopala"]
[Black "Pradeep, Arora"]
[Result "1-0"]
[WhiteElo "2340"]
[BlackElo "2033"]
[PlyCount "79"]
[EventDate "2013.10.12"]
[EventType "swiss"]
[EventRounds "13"]
[EventCountry "IND"]
[SourceTitle "EXT 2014"]
[Source "ChessBase"]
[SourceDate "2013.11.20"]
[SourceVersion "1"]
[SourceVersionDate "2013.11.20"]
[SourceQuality "1"]

1. d4 d5 2. Nf3 Nf6 3. c4 e6 4. g3 Nbd7 5. Bg2 Be7 6. 0-0 0-0 7. Qc2 dxc4 8. Qxc4 a6 9. Qc2 Ra7 10. Nc3 b5 11. Ne5 Bb7 12. Nc6 Bxc6 13. Bxc6 Nb6 14. Rd1 Nfd5 15. a3 Bg5 16. Ne4 Bxc1 17. Raxc1 h6 18. Nc5 Ne7 19. Nb7 Qb8 20. Na5 Nc4 21. Nxc4 Nxc6 22. Ne5 Nxe5 23. dxe5 Rc8 24. Qc6 Qb7 25. f4 Kf8 26. Kf2 Qxc6 27. Rxc6 Ke7 28. Rdc1 Kd7 29. e4 Rb8 30. Ke3 a5 31. R6c5 a4 32. Rd1+ Kc8 33. Rd4 Rb6 34. Kd3 c6 35. Kc3 Rc7 36. Kb4 Rb8 37. Rc2 Kb7 38. Kc5 Rbc8 39. Rcd2 g6 40. Rd8 1-0